| 000 | 01152nam a22003137a 4500 | ||
|---|---|---|---|
| 001 | BR8300551 | ||
| 003 | BR-BrBNA | ||
| 005 | 20230928091606.0 | ||
| 007 | ta | ||
| 008 | 230509b bl.||||| |||| 00| 0 por d | ||
| 040 |
_aBR-BrBNA _bpor _cBiblioteca Nacional de Agricultura |
||
| 041 | _a(Por) | ||
| 072 |
_aF30 _b0150 |
||
| 090 | _ 0150 BR8300551 | ||
| 100 | 1 | _aAlmeida, C.F.G. de | |
| 110 | 1 |
_aEscola Superior de Agricultura Luiz de Queiroz, Piracicaba, SP (Brasil) _0Tese (Mestre em Agronomia) |
|
| 245 | 1 | _aCaracterizacao de linhagens mutantes de arroz de sequeiro (Oryza sativa L.)obtidas por combinacoes de radiacao gama e mutagenicos quimicos [Oryza sativa] | |
| 246 | 1 | _aCharacterization of mutant lines of upland rice (Oryza sativa L.)obtained by combination of gamma-radiation and chemical mutagens | |
| 260 | 3 |
_aPiracicaba, SP (Brasil): _c1982. |
|
| 300 | _a124 p. | ||
| 500 | _a21 tables; Bibliography p. 52-60 (52 ref.); Summaries (Eng, Por) | ||
| 650 | _aARROZ SEQUEIRO | ||
| 650 | _aLINHAGEM | ||
| 650 | _aMUTACAO | ||
| 650 | _aRAIO GAMA | ||
| 650 | _aRADIACAO | ||
| 909 |
_a202309 _bLucia _c55 _dLucia Elande |
||
| 942 | _cBK | ||
| 999 |
_c34561 _d34561 |
||